1062 1222 1508 1006 1865 1423 1767 1062 1328 1889 1549 1382 1490 1311 1455 1488 1663 1042 1624 1446 1348 1624 1201 1894 1908 1096 1347 1773 1477 1358 1401 1449 1557 1235 1540 1669 1551 1002 1980 1281 1679 1343 1856 1863 1199 1265 1067 1664 1205 1805 1581 1633 1767 1883 1532 1633 1541 1237 1091 1730 1320 1890 1709 1011 1453 1659 1289 1164 1928 1803 1211 1671 1411 1149 1007 1793 1873 1716 1237 1496 1543 1723 1447 1890 1935 1834 1127 1899 1412 1041 1927 1747 1518 1381 1189 1445 1032 1566 1055 BCNSPRNW ULIB Ver.6.0+V

เปลี่ยนเป็นภาษาไทย

Change to English
 แสดงรายละเอียดบรรณานุกรม
  กลับหน้าหลัก

Brief Record : Get Marc (ISO 2709) : E-mail record : QR code < ปิดหน้าต่าง
LEADER : 00000nam 2200000uu 4500
001    13399111036
003     ULIB
008    110615s||||||||th 000 0 tha d
020    9749058518
050  4 BF323.C5^bว321ท 2545
100 1  ฮาร์เรล,คีธ
245 10 ทัศนคติ :^bเจตคติ เต็ม 100 = Attitude is everything /^cโดย Keith Harrel ; แปลและเรียบเรียงโดย วราภรณ์ สืบสหการ
246 31 Attitude is everything
250    พิมพ์ครั้งที่ 1
260    กรุงทพฯ :^bเอ็กซเปอร์เน็ท,^c2545
300    281 หน้า ;^c21 ซม.
650  7 ทัศนคติ
700 0  วราภรณ์ สืบสหการ,^eผู้แปล
700 1  Herrel, Keith
945    ^p230^l0^i015541
945    ^p230^l0^i015540
945    ^p230^l0^i015539
995    ทศพร
999 ^a ใช้งานได้ทุกระบบ
รายการนี้ยังไม่มีแท็ก
คุณยังไม่ได้ล็อกอิน คุณสามารถมีกิจกรรมร่วมกับเว็บไซต์ได้ แต่ต้องล็อกอินก่อน ::
  ล็อกอิน

รายการสื่อสารสนเทศ

ลำดับที่ ประเภท เลขเรียก/บาร์โค้ด สถานที่ สถานะ
- ไม่พบข้อมูล -

รายการใกล้เคียง
    หัวเรื่อง [ทัศนคติ]

BibComment


ยังไม่เคยถูกคอมเมนท์

คอมเมนท์ทรัพยากรรายการนี้
  คอมเมนท์: ทัศนคติ เจตคติ เ..


 Copyright 2026. Bcnsprnw @Library